| 000 | 00530nam a2200205Ia 4500 | ||
|---|---|---|---|
| 003 | 0100 | ||
| 008 | 130303s9999 xx 000 0 und d | ||
| 040 | _cARRUPELIB | ||
| 050 | _aLB41.E84 | ||
| 245 | _aEthics and educational policy | ||
| 260 | _aLondon | ||
| 260 | _bRoutledge and Kegan Paul | ||
| 260 | _C1978 | ||
| 300 | _a225p. | ||
| 300 | _b 22cm | ||
| 440 | _aInternational library of the philosophy of education | ||
| 650 | _bPhilosophy | ||
| 700 | _aStrike, Kenneth A. ; Egan, Kieran jt.ed. | ||
| 942 |
_2lcc _04 |
||
| 999 |
_c64559 _d64559 |
||